000 00362nam a2200145Ia 4500
008 221030s9999 xx 000 0 und d
020 _a8121917573
041 _aEnglish
100 _aA. S. Vasudeva
245 0 _aModern Engineering Physics
_cby A. S. Vasudeva
260 _bS. Chand & Co
_aNew Delhi
_c2013
300 _a452
650 _aPhysics
942 _cBK
999 _c17349
_d17349